| 000 | 00474nam a2200157 4500 | ||
|---|---|---|---|
| 001 | 140529 | ||
| 003 | ES-MaACL | ||
| 005 | 20230906200110.0 | ||
| 007 | t| | ||
| 008 | 070214s1907 fr r ||||1| fre d | ||
| 100 | 1 |
_aSeignobos, Charles ( _d1854-1942) _9105259 |
|
| 245 | 1 | 0 |
_aAntiquité romaine et pré-Moyen Age / _cpar Ch. Seignobos. |
| 260 |
_aParis : _b[s. n.], _c1907 ( _eCoulommiers : _fPaul Brodard) |
||
| 300 |
_a486 p. ; _c18 x 12 cm. |
||
| 852 |
_aES-MaACL _jB-2704 |
||
| 999 |
_c140529 _d140529 |
||